000 00627nam a22001817a 4500
005 20100820142116.0
010 _aENG-101022
020 _a9788190729635
_c275.00
035 _aEN-84555
037 _bDBAD/PUB
082 _a181.4
100 _aHari, K. R. V.
_916077
245 _aThe humour story :
_bas it really happened /
_cby K. R .V. Hari
260 _bCinnamonteal Print and Publishing
_c2008
300 _a77p.
_c20cm (pbk)
942 _2ddc
_cEN
_h181.4
_mHAR
999 _c42709
_d42709